=LDR 00000nam 2200000 4500 =990 ##$$a 170/LKKP OSP 2023 =001 INLIS000000000009362 =005 20230916025348 =035 ##$$a 0010-0923000056 =007 ta =008 230916################|##########|#|## =082 ##$$a (R)2023 LKKP-OSP 818 =084 ##$$a (R)2023 LKKP-OSP 818 HUP l =100 1#$$a HUPRON, Nur =245 1#$$a Laporan Kuliah Kerja Praktek PT. Sinergi Gula Nusantara* /$c Nur Hupron (20OSP514) =250 ##$$a 2023 =260 ##$$a Makassar :$b Politeknik ATI Makassar - Otomasi Sistem Permesinan,$c 2023 =300 ##$$a viii + 43 Halaman : $b Tabel;Gambar ; $c 20,5 x 29 cm.$e Bibliografi;Lampiran =650 #4$$a Laporan Praktek OSP 2023 =856 ##$$a OPAC (LKKP OSP 2023)